| 000 | 00966nam a22002777a 4500 | ||
|---|---|---|---|
| 005 | 20110119121311.0 | ||
| 008 | 110119t xxu||||| |||| 00| 0 eng d | ||
| 010 | _aENG-101911 | ||
| 020 |
_a9780070704640 _c265.00 |
||
| 020 |
_a0070704643 _c265.00 |
||
| 035 | _aEN-85444 | ||
| 037 | _bDBAD / PUB | ||
| 040 |
_adpl _bEng |
||
| 082 | _a620.1 | ||
| 100 |
_aNag, P.K. _925381 |
||
| 245 |
_aEngineering mechanics / _cby P.K.Nag, Sukumar Pati [and] T.K.Jana |
||
| 260 |
_aNew Delhi _bTata McGraw-Hill _c2011 |
||
| 270 |
_a7 West Patel Nagar _bNew Delhi _e110008 |
||
| 300 |
_avarious pagings : _bill. _c24 cm (pbk) |
||
| 500 | _aIncl;udes bibliographical references | ||
| 650 | _925383 | ||
| 700 |
_aPati, Sukumar _925388 |
||
| 700 |
_aJana, T.K. _925389 |
||
| 942 |
_adpl _cEN _2ddc _h620.1 _mNAG |
||
| 999 |
_c49949 _d49949 |
||